000 00507nam a2200169Ia 4500
005 20250923144345.0
008 008 250917s9999 xx 000 0 eng d
037 _aTextual
040 _aDSWL
_beng
_cDSWL
041 _aeng
_2eng
084 _aX:75:2:N4, H5
_qDSWL
100 _aAGARWALA, A N
_9824054
245 0 _aPessimism in planning
_cby A N AGARWALA
260 _aAllhabad
_bKitabistian Publications
_c1945
942 _cTEXL
_hX:75:2:N4, H5
999 _c1437861
_d1437861